| 000 | 00981cam a2200289 i 4500 | ||
|---|---|---|---|
| 999 |
_c2377 _d2377 |
||
| 003 | OSt | ||
| 005 | 20210709053052.0 | ||
| 008 | 771028m19781982nyua b 001 0 eng | ||
| 020 | _a0471160466 | ||
| 040 | _cALUPE UNIVERSITY | ||
| 050 | 0 | 0 |
_aRC967 _b.P37 1981 |
| 060 | _aWA400.3 P322 1978 | ||
| 100 | 1 |
_aPatty, F. A. _d1897-1981. |
|
| 245 | 1 | 0 |
_aPatty's Industrial hygiene and toxicology / _cGeorge D. Clayton, Florence E. Clayton, editors ; contributors, M. C. Battigelli ... [et al.]. |
| 250 | _a3d rev. ed. | ||
| 260 |
_aNew York : _bWiley, _cc1978-1982. |
||
| 300 |
_a2 v. in 4 : _bill. ; _c24 cm. |
||
| 500 | _a"A Wiley-Interscience publication." | ||
| 504 | _aIncludes bibliographical references and indexes. | ||
| 650 | 0 | _aIndustrial hygiene. | |
| 650 | 0 | _aIndustrial toxicology. | |
| 700 | 1 | _aClayton, George D. | |
| 700 | 1 | _aClayton, Florence E. | |
| 700 | 1 | _aBattigelli, Mario C. | |
| 906 |
_a7 _bcbc _corignew _d1 _eocip _f19 _gy-gencatlg |
||
| 942 |
_2lcc _cBK _nPW |
||